000 00984nam a2200325 i 4500
001 10841
003 KOSZ 005
005 20200429151741.0
008 071029s1968 pl a f 001 0 pol
015 _aPB 1968/4970
040 _aWA N
_cKOSZ 005/RW
_dKOSZ 005/RW
_dKOSZ 005/HR
046 _k1968
080 _a621.6
080 _a628.1
100 1 _aJankowski, Fryderyk.
_eAutor
245 1 0 _aPompownie i urządzenia hydroforowe /
_cFryderyk Jankowski.
250 _aWyd. 2.
260 _aWarszawa :
_b"Arkady",
_c1968.
300 _a515, [1] s. :
_bil. ;
_c25 cm.
380 _aKsiążki.
388 _a1901-
500 _aDruk z klisz.
504 _aBibliogr. s. 502-[504]. Indeks.
658 _aInżynieria i technika
650 4 _aPompownia
650 4 _aHydrofory
710 2 _aWydawnictwo "Arkady".
_4pbl.
856 _uhttp://koha.tu.koszalin.pl/cgi-bin/koha/opac-detail.pl?biblionumber=10841
_yKatalog online BPK
942 _2UKD
_cKS
999 _c10841
_d10841